[Event "DEM U10 2024"]
[Site "Willingen GER"]
[Date "2024.05.25"]
[Round "11"]
[White "Romberg, Moritz"]
[Black "Link, Jonas Michael"]
[Result "1-0"]
[Termination "normal"]
[Board "29"]
[WhiteElo "1054"]
[BlackElo "1187"]
[WhiteClock "01:07:00"]
[BlackClock "01:03:17"]
[PlyCount "103"]
[WhiteFideId "34676600"]
[BlackFideId "533001839"]
[EventCountry "GER"]
[EventRounds "11"]
[EventType "swiss"]
[EventDate "2024.05.18"]

1. d4 {[%clk 01:15:58]} {[%emt 00:00:01]} d5 {[%clk 01:15:55]} {[%emt
00:00:05]} 2. c4 {[%clk 01:16:24]} {[%emt 00:00:04]} e6 {[%clk 01:16:19]}
{[%emt 00:00:06]} 3. Nc3 {[%clk 01:16:49]} {[%emt 00:00:05]} Nf6 {[%clk
01:16:41]} {[%emt 00:00:08]} 4. Bg5 {[%clk 01:17:14]} {[%emt 00:00:06]} c6
{[%clk 01:16:51]} {[%emt 00:00:19]} 5. e3 {[%clk 01:17:30]} {[%emt 00:00:14]}
Nbd7 {[%clk 01:17:09]} {[%emt 00:00:12]} 6. a3 {[%clk 01:17:46]} {[%emt
00:00:14]} Be7 {[%clk 01:17:30]} {[%emt 00:00:08]} 7. Nf3 {[%clk 01:18:04]}
{[%emt 00:00:13]} O-O {[%clk 01:17:47]} {[%emt 00:00:12]} 8. Be2 {[%clk
01:18:20]} {[%emt 00:00:15]} b6 {[%clk 01:17:59]} {[%emt 00:00:18]} 9. b4
{[%clk 01:18:24]} {[%emt 00:00:26]} a5 {[%clk 01:18:18]} {[%emt 00:00:12]} 10.
Rb1 {[%clk 01:18:15]} {[%emt 00:00:38]} axb4 {[%clk 01:18:36]} {[%emt
00:00:12]} 11. axb4 {[%clk 01:18:39]} {[%emt 00:00:07]} dxc4 {[%clk 01:18:44]}
{[%emt 00:00:21]} 12. Bxc4 {[%clk 01:18:46]} {[%emt 00:00:24]} b5 {[%clk
01:17:41]} {[%emt 00:01:33]} 13. Be2 {[%clk 01:18:37]} {[%emt 00:00:38]} Re8
{[%clk 01:14:55]} {[%emt 00:03:16]} 14. O-O {[%clk 01:18:41]} {[%emt 00:00:25]}
h6 {[%clk 01:14:54]} {[%emt 00:00:33]} 15. Bh4 {[%clk 01:18:53]} {[%emt
00:00:12]} Qc7 {[%clk 01:14:57]} {[%emt 00:00:33]} 16. e4 {[%clk 01:17:36]}
{[%emt 00:01:47]} Rd8 {[%clk 01:14:45]} {[%emt 00:00:42]} 17. Bxf6 {[%clk
01:17:19]} {[%emt 00:00:45]} Bxf6 {[%clk 01:14:58]} {[%emt 00:00:19]} 18. Qc2
{[%clk 01:16:42]} {[%emt 00:01:05]} e5 {[%clk 01:13:39]} {[%emt 00:01:50]} 19.
dxe5 {[%clk 01:14:31]} {[%emt 00:02:40]} Nxe5 {[%clk 01:13:53]} {[%emt
00:00:17]} 20. Nxe5 {[%clk 01:14:34]} {[%emt 00:00:27]} Bxe5 {[%clk 01:14:11]}
{[%emt 00:00:12]} 21. g3 {[%clk 01:11:27]} {[%emt 00:03:37]} c5 {[%clk
01:13:43]} {[%emt 00:00:58]} 22. Nxb5 {[%clk 01:11:16]} {[%emt 00:00:38]} Qc6
{[%clk 01:13:13]} {[%emt 00:01:03]} 23. bxc5 {[%clk 01:10:02]} {[%emt
00:01:44]} Qe6 {[%clk 01:11:18]} {[%emt 00:02:25]} 24. f4 {[%clk 01:08:35]}
{[%emt 00:01:57]} Bd4+ {[%clk 01:10:58]} {[%emt 00:00:50]} 25. Nxd4 {[%clk
01:08:19]} {[%emt 00:00:47]} Rxd4 {[%clk 01:11:10]} {[%emt 00:00:17]} 26. Bf3
{[%clk 01:08:01]} {[%emt 00:00:45]} Qa2 {[%clk 01:10:38]} {[%emt 00:01:06]} 27.
Qxa2 {[%clk 01:07:41]} {[%emt 00:00:50]} Rxa2 {[%clk 01:10:49]} {[%emt
00:00:18]} 28. Rb8 {[%clk 01:08:01]} {[%emt 00:00:10]} Rd8 {[%clk 01:11:09]}
{[%emt 00:00:11]} 29. Bg4 {[%clk 01:08:21]} {[%emt 00:00:09]} Rdd2 {[%clk
01:10:19]} {[%emt 00:01:20]} 30. Rxc8+ {[%clk 01:08:28]} {[%emt 00:00:23]} Kh7
{[%clk 01:10:27]} {[%emt 00:00:22]} 31. Bf3 {[%clk 01:07:55]} {[%emt 00:01:03]}
Rxh2 {[%clk 01:10:24]} {[%emt 00:00:32]} 32. Rd8 {[%clk 01:07:23]} {[%emt
00:01:02]} Rac2 {[%clk 01:09:41]} {[%emt 00:01:14]} 33. c6 {[%clk 01:06:51]}
{[%emt 00:01:02]} Rh3 {[%clk 01:09:27]} {[%emt 00:00:37]} 34. g4 {[%clk
01:05:15]} {[%emt 00:02:13]} Rxc6 {[%clk 01:09:17]} {[%emt 00:00:40]} 35. Kg2
{[%clk 01:05:24]} {[%emt 00:00:18]} g5 {[%clk 01:09:26]} {[%emt 00:00:23]} 36.
Kxh3 {[%clk 01:05:44]} {[%emt 00:00:11]} gxf4 {[%clk 01:09:46]} {[%emt
00:00:11]} 37. Rd7 {[%clk 01:05:53]} {[%emt 00:00:18]} Kg6 {[%clk 01:09:53]}
{[%emt 00:00:25]} 38. e5 {[%clk 01:05:52]} {[%emt 00:00:31]} Rc3 {[%clk
01:09:45]} {[%emt 00:00:37]} 39. Kh4 {[%clk 01:06:08]} {[%emt 00:00:14]} Rc2
{[%clk 01:09:45]} {[%emt 00:00:31]} 40. Rh1 {[%clk 01:06:07]} {[%emt 00:00:30]}
Rf2 {[%clk 01:09:45]} {[%emt 00:00:30]} 41. Be4+ {[%clk 01:06:25]} {[%emt
00:00:13]} Kg7 {[%clk 01:10:00]} {[%emt 00:00:13]} 42. e6 {[%clk 01:06:00]}
{[%emt 00:00:57]} Kf8 {[%clk 01:09:04]} {[%emt 00:01:26]} 43. Rxf7+ {[%clk
01:06:10]} {[%emt 00:00:19]} Ke8 {[%clk 01:08:58]} {[%emt 00:00:37]} 44. Bc6+
{[%clk 01:06:33]} {[%emt 00:00:07]} Kd8 {[%clk 01:09:01]} {[%emt 00:00:27]} 45.
e7+ {[%clk 01:06:57]} {[%emt 00:00:06]} Kc7 {[%clk 01:08:57]} {[%emt 00:00:34]}
46. e8=Q+ {[%emt 00:00:20]} Kb6 {[%clk 01:08:43]} {[%emt 00:00:31]} 47. Ba4
{[%clk 01:06:49]} {[%emt 00:01:02]} Kc5 {[%clk 01:08:41]} {[%emt 00:00:31]} 48.
Rd7 {[%clk 01:07:06]} {[%emt 00:00:13]} f3 {[%clk 01:04:39]} {[%emt 00:04:32]}
49. Qb8 {[%clk 01:06:26]} {[%emt 00:01:09]} Rh2+ {[%clk 01:02:59]} {[%emt
00:02:11]} 50. Rxh2 {[%clk 01:06:41]} {[%emt 00:00:14]} f2 {[%clk 01:03:00]}
{[%emt 00:00:30]} 51. Rxf2 {[%clk 01:07:06]} {[%emt 00:00:05]} h5 {[%clk
01:03:17]} {[%emt 00:00:12]} 52. Rc2# {[%clk 01:07:00]} {[%emt 00:00:06]} 1-0